000 00380nam a2200133Ia 4500
005 20250603152138.0
020 _a9781444179989
050 _aRB 37 .S53/
245 _a100 cases in clinical pathology
260 _aNew York
_bCRC Press
_c2014
300 _a357 p
650 _aDiagnosis, Laboratory--Case studies. Pathology--Case studies. Diagnosis--Case studies
942 _2ddc
_cBK
999 _c38791
_d38791